[Event "46th Capablanca Memorial Open B"]
[Site "Havana CUB"]
[Date "2011.05.11"]
[Round "1.1"]
[White "Lorente Pupo, Ramon Miguel"]
[Black "Campos Jimenez, Augusto Cesar"]
[Result "1-0"]
[WhiteTitle "FM"]
[WhiteElo "2286"]
[BlackElo "1996"]
[WhiteFideId "3508200"]
[BlackFideId "3517160"]
[EventDate "2011.05.11"]

1. Nf3 Nf6 2. c4 c5 3. Nc3 Nc6 4. g3 g6 5. d4 cxd4 6. Nxd4 Nxd4 7. Qxd4 Bg7 8.
Bg2 O-O 9. O-O d6 10. Qd3 Be6 11. Bxb7 Rb8 12. Bg2 Nd7 13. b3 Nc5 14. Qe3 a5 15.
Ba3 Nd7 16. Rac1 Qb6 17. Qxb6 Nxb6 18. Nb1 a4 19. Rfd1 axb3 20. axb3 Rbc8 21.
Nd2 Bd7 22. c5 dxc5 23. Bxc5 Na8 24. Bxe7 Rxc1 25. Rxc1 Re8 26. Bc5 Nc7 27. e3
Ne6 28. Ne4 Bc8 29. b4 Bf8 30. Bxf8 Kxf8 31. b5 1-0

[Event "46th Capablanca Memorial Open B"]
[Site "Havana CUB"]
[Date "2011.05.11"]
[Round "1.3"]
[White "Ramos Pineiro, Alexis"]
[Black "Mencos, Claudia"]
[Result "0-1"]
[WhiteTitle "FM"]
[BlackTitle "WIM"]
[WhiteElo "2280"]
[BlackElo "1972"]
[WhiteFideId "3503135"]
[BlackFideId "7300573"]
[EventDate "2011.05.11"]

1. e4 c5 2. Nf3 e6 3. c3 d5 4. e5 Qa5 5. Be2 Nc6 6. O-O f6 7. d4 g6 8. Nbd2 Qc7
9. c4 Nxd4 10. Nxd4 cxd4 11. cxd5 fxe5 12. Qb3 exd5 13. Qxd5 Nf6 14. Bb5+ Bd7
15. Bxd7+ Nxd7 16. Qe6+ Be7 17. Nf3 Qd6 18. Qb3 Qb6 19. Qd5 Qc6 20. Qxc6 bxc6
21. Re1 Bb4 22. Re4 O-O 23. Bh6 Rfe8 24. Rc1 c5 25. Bd2 Rab8 26. b3 Bxd2 27.
Nxd2 Kf7 28. Re2 Re6 29. Ne4 Rc6 30. Rec2 Rbc8 31. b4 Ke6 32. bxc5 Kd5 33. Ng5
Nf6 34. Nf7 R8c7 35. Nd8 Rxc5 36. Rxc5+ Rxc5 37. Rxc5+ Kxc5 38. Kf1 e4 39. Ke1
Kc4 40. Nc6 a6 41. Kd2 Ng4 42. a4 Nxf2 43. Ne5+ Kd5 44. Nf7 Ng4 45. h3 Ne5 46.
Ng5 h6 47. Nh7 Nd7 48. h4 Kc4 49. g4 e3+ 50. Ke2 Kc3 0-1

[Event "46th Capablanca Memorial Open B"]
[Site "Havana CUB"]
[Date "2011.05.11"]
[Round "1.4"]
[White "Brito Valdes, Santiago Jose"]
[Black "Gongora Reyes, Liuber"]
[Result "0-1"]
[BlackTitle "FM"]
[WhiteElo "1958"]
[BlackElo "2277"]
[WhiteFideId "3515478"]
[BlackFideId "3503984"]
[EventDate "2011.05.11"]

1. e4 c5 2. Nc3 Nc6 3. f4 g6 4. Nf3 Bg7 5. Bc4 e6 6. O-O Nge7 7. d3 O-O 8. Qe1
d5 9. Bb3 Na5 10. f5 Nxb3 11. f6 Nxa1 12. Bg5 dxe4 13. dxe4 Re8 14. Qxa1 h6 15.
fxe7 Rxe7 16. Bxe7 Qxe7 17. e5 Bd7 18. Qe1 Bc6 19. Nd2 Qg5 20. Qf2 Rf8 21. Nf3
Qe7 22. Qe3 Rd8 23. Ne4 Bxe4 24. Qxe4 b5 25. Qe2 c4 26. b3 Rd5 27. bxc4 Qc5+ 28.
Kh1 Qxc4 29. Qf2 Qc5 30. Qxc5 Rxc5 31. Rf2 Bxe5 32. g3 Bc3 33. Nd2 f5 34. Nb3
Rc4 35. Rf3 Kg7 36. Rd3 Rc7 37. Kg2 Kf6 38. Kf3 a5 39. Ke3 a4 40. Nd2 Ba5 41.
Nf3 Rxc2 42. a3 Bb6+ 43. Nd4 e5 0-1

[Event "46th Capablanca Memorial Open B"]
[Site "Havana CUB"]
[Date "2011.05.11"]
[Round "1.5"]
[White "Oliva Castaneda, Kevel"]
[Black "Bravo Navarro, Wilson"]
[Result "1-0"]
[WhiteElo "2265"]
[BlackElo "1955"]
[WhiteFideId "3500799"]
[BlackFideId "3605680"]
[EventDate "2011.05.11"]

1. e4 c5 2. Nf3 g6 3. Nc3 Bg7 4. d4 cxd4 5. Nxd4 Nc6 6. Be3 Nf6 7. Bc4 O-O 8.
Bb3 d6 9. f3 Bd7 10. Qd2 Nxd4 11. Bxd4 b5 12. a4 bxa4 13. Nxa4 Qc7 14. O-O Rfc8
15. Ra3 Bc6 16. Rfa1 Nd7 17. Bxg7 Kxg7 18. Qd4+ Kg8 19. Nc3 e5 20. Qe3 Nb6 21.
Ra5 Kg7 22. h4 h6 23. f4 f6 24. Ne2 Qe7 25. h5 g5 26. fxg5 fxg5 27. Ng3 Kh7 28.
Qd3 Rf8 29. Nf5 Rxf5 30. exf5 e4 31. Qc3 Be8 32. f6 Qd7 33. Qd4 Bxh5 34. Qxe4+ 1-0

[Event "46th Capablanca Memorial Open B"]
[Site "Havana CUB"]
[Date "2011.05.11"]
[Round "1.6"]
[White "Roca Rojas, Ana Flavia"]
[Black "Perez Perez, Osniel"]
[Result "0-1"]
[BlackTitle "FM"]
[WhiteElo "1948"]
[BlackElo "2263"]
[WhiteFideId "3514269"]
[BlackFideId "3503461"]
[EventDate "2011.05.11"]

1. e4 c5 2. Nf3 d6 3. d4 cxd4 4. Nxd4 Nf6 5. Nc3 Nc6 6. Bc4 Qb6 7. Nxc6 bxc6 8.
Bb3 g6 9. Be3 Qa5 10. O-O Bg7 11. f3 O-O 12. Qd2 Bb7 13. Rad1 Rfd8 14. Qf2 e6
15. Ne2 d5 16. c4 dxe4 17. fxe4 Rxd1 18. Bxd1 Qc7 19. Nc3 c5 20. Bf3 Nd7 21. Nb5
Qe5 22. Rd1 Bc6 23. Nc3 Rb8 24. Rd3 Qc7 25. Bxc5 Nxc5 26. Qxc5 Bf8 27. Qf2 Ba8
28. Qe2 Qxc4 29. b3 Qc5+ 30. Kh1 Qe5 31. g3 h5 32. Kg2 Rc8 33. Na4 h4 34. Kh3
hxg3 35. hxg3 Bd6 36. Qg2 Qh8+ 0-1

[Event "46th Capablanca Memorial Open B"]
[Site "Havana CUB"]
[Date "2011.05.11"]
[Round "1.7"]
[White "Li Torres, Manuel Eugenio"]
[Black "Bolanos, Cristian"]
[Result "1-0"]
[WhiteTitle "FM"]
[WhiteElo "2251"]
[BlackElo "1905"]
[WhiteFideId "3500489"]
[BlackFideId "3603075"]
[EventDate "2011.05.11"]

1. e4 c5 2. Nc3 e6 3. Nf3 d6 4. g3 Nf6 5. Bg2 Be7 6. O-O Nc6 7. d3 a6 8. Ng5 h6
9. Nh3 e5 10. Bd2 Be6 11. f4 Bg4 12. Qe1 Nd4 13. Rc1 Qd7 14. f5 Bxh3 15. Bxh3 b5
16. Bg2 Rb8 17. Nd1 Nh7 18. c3 Nc6 19. h4 Bd8 20. Ne3 Bb6 21. Nd5 Ne7 22. Nxb6
Rxb6 23. Qf2 Rc6 24. g4 f6 25. Bf3 d5 26. exd5 Nxd5 27. c4 bxc4 28. dxc4 Ne7 29.
Bxc6 Qxc6 30. Qg2 Qc8 31. Be3 O-O 32. Rcd1 Kh8 33. Qe4 Rd8 34. Rxd8+ Qxd8 35.
Bxc5 1-0

[Event "46th Capablanca Memorial Open B"]
[Site "Havana CUB"]
[Date "2011.05.11"]
[Round "1.8"]
[White "Vega Cordovilla, Maria Jose"]
[Black "Nunez Asencio, Jorge"]
[Result "0-1"]
[WhiteElo "1901"]
[BlackElo "2248"]
[WhiteFideId "3604527"]
[BlackFideId "3510905"]
[EventDate "2011.05.11"]

1. e4 c5 2. Nf3 Nc6 3. d4 cxd4 4. Nxd4 Nf6 5. Nc3 d6 6. f3 e5 7. Nb3 Be6 8. Be3
Be7 9. Be2 O-O 10. O-O a5 11. Bb5 Rc8 12. Qe2 Nd7 13. Rad1 Kh8 14. Kh1 f5 15.
exf5 Bxf5 16. Nd5 Bg5 17. Bxg5 Qxg5 18. Ne3 Rf6 19. Bxc6 bxc6 20. Nxa5 Rh6 21.
Nxf5 Qxf5 22. g4 Qf7 23. Qa6 Rf8 24. Qxc6 Qf4 25. Rf2 Nf6 26. Rdf1 Nxg4 0-1

[Event "46th Capablanca Memorial Open B"]
[Site "Havana CUB"]
[Date "2011.05.11"]
[Round "1.9"]
[White "Ragolta Franco, Eduardo"]
[Black "Gates, David A"]
[Result "1-0"]
[WhiteTitle "FM"]
[WhiteElo "2247"]
[BlackElo "1706"]
[WhiteFideId "3505910"]
[BlackFideId "415723"]
[EventDate "2011.05.11"]

1. d4 d5 2. Nf3 c6 3. c4 Nf6 4. Nc3 a6 5. a4 a5 6. Bf4 Bf5 7. Qb3 Na6 8. Qxb7
Nb4 9. Rc1 dxc4 10. e4 Be6 11. Ng5 Ra6 12. Bc7 Qa8 13. Qxa8+ Rxa8 14. Nxe6 fxe6
15. Bxc4 g6 16. O-O Kf7 17. f4 h5 18. f5 gxf5 19. exf5 Nfd5 20. fxe6+ Kxe6 21.
Nxd5 cxd5 22. Bb5 1-0

[Event "46th Capablanca Memorial Open B"]
[Site "Havana CUB"]
[Date "2011.05.11"]
[Round "1.11"]
[White "Salgado Segui, Roberto"]
[Black "Espinosa, Rafael"]
[Result "1/2-1/2"]
[WhiteElo "2243"]
[BlackElo "2251"]
[WhiteFideId "3511782"]
[BlackFideId "3502627"]
[EventDate "2011.05.11"]

1. e4 d5 2. exd5 Qxd5 3. Nc3 Qa5 4. d4 c6 5. Nf3 Nf6 6. Bd2 Bf5 7. Bc4 e6 8. O-O
Bb4 9. a3 Bxc3 10. Bxc3 Qc7 11. a4 O-O 12. Re1 Nbd7 13. a5 b5 14. Ba2 Rfd8 15.
Qc1 Ne4 16. Bb4 Ndf6 17. c4 bxc4 18. Bxc4 Nd5 19. Bxd5 Rxd5 20. Qc4 Qb7 21. Ne5
c5 22. Bxc5 Nxc5 23. dxc5 Qxb2 24. Nf3 Bd3 25. Qc1 Qxc1 26. Rexc1 Rc8 27. c6 Be4
28. c7 Kf8 29. Rc4 Bxf3 30. gxf3 Ke7 31. a6 Rd7 32. Rac1 Rd6 33. Rb1 Rxa6 34.
Rb8 Kd7 35. Rb7 Rc6 36. Rd4+ Ke7 37. Rxa7 R6xc7 38. Rxc7+ Rxc7 1/2-1/2

[Event "46th Capablanca Memorial Open B"]
[Site "Havana CUB"]
[Date "2011.05.11"]
[Round "1.13"]
[White "Gutierrez Delgado, Yusuan Alfred"]
[Black "Ibanez Milian, Dagoberto"]
[Result "1-0"]
[WhiteTitle "FM"]
[BlackTitle "FM"]
[WhiteElo "2242"]
[BlackElo "2205"]
[WhiteFideId "3508005"]
[BlackFideId "3500675"]
[EventDate "2011.05.11"]

1. d4 Nf6 2. Nf3 c5 3. d5 e6 4. c4 exd5 5. cxd5 d6 6. Nc3 g6 7. h3 Bg7 8. e4 O-O
9. Bd3 a6 10. a4 Re8 11. O-O c4 12. Bc2 Qc7 13. Bf4 Nbd7 14. Re1 Nh5 15. Bh2 Ne5
16. Nxe5 Bxe5 17. Qd2 Bd7 18. f4 Bh8 19. Bd1 f5 20. Bxh5 gxh5 21. e5 Re7 22. Kh1
Rg7 23. Ne2 Rg6 24. Nd4 Rf8 25. Nf3 Bg7 26. Nh4 Rh6 27. Ra3 b5 28. axb5 axb5 29.
e6 Be8 30. Bg1 Qe7 31. Nf3 Qc7 32. Ra7 c3 33. Qd3 Qc4 34. Qxc4 bxc4 35. e7 1-0

[Event "46th Capablanca Memorial Open B"]
[Site "Havana CUB"]
[Date "2011.05.11"]
[Round "1.14"]
[White "Hedman Senarega, Jose Antonio"]
[Black "Diaz Perez, Michel Alejandro"]
[Result "1-0"]
[WhiteTitle "FM"]
[WhiteElo "2204"]
[BlackElo "2240"]
[WhiteFideId "3500837"]
[BlackFideId "3517179"]
[EventDate "2011.05.11"]

1. d4 d5 2. Nf3 Nf6 3. c4 c6 4. Nc3 a6 5. e3 b5 6. b3 Bg4 7. Be2 e6 8. O-O Nbd7
9. Bb2 Bd6 10. h3 Bh5 11. Ne5 Bxe2 12. Nxe2 bxc4 13. bxc4 Qc7 14. cxd5 cxd5 15.
Qa4 O-O 16. Rfc1 Qb7 17. Rab1 Rab8 18. Nc6 Nb6 19. Qb3 Rbc8 20. Na5 Qa7 21. Ba3
Bxa3 22. Qxa3 Rxc1+ 23. Rxc1 Rc8 24. Nc6 Rxc6 25. Rxc6 h6 1-0

[Event "46th Capablanca Memorial Open B"]
[Site "Havana CUB"]
[Date "2011.05.11"]
[Round "1.15"]
[White "De Quesada Pena, Alexei"]
[Black "Ordunez Echarte, Dennys"]
[Result "1-0"]
[BlackTitle "FM"]
[WhiteElo "2234"]
[BlackElo "2195"]
[WhiteFideId "3508730"]
[BlackFideId "3512207"]
[EventDate "2011.05.11"]

1. e4 Nc6 2. d4 d6 3. Bb5 a6 4. Bxc6+ bxc6 5. Nf3 Nf6 6. Nc3 Bg4 7. Bg5 d5 8.
Qd3 Bxf3 9. Qxf3 Nxe4 10. Nxe4 dxe4 11. Qxe4 Qd5 12. Qxd5 cxd5 13. Bf4 Rb8 14.
O-O-O Kd7 15. Rhe1 f6 16. c4 e6 17. c5 g5 18. Bg3 h5 19. h3 h4 20. Bh2 Bg7 21.
Rd3 Rhe8 22. Ra3 Ra8 23. Rb3 Re7 24. Kc2 Rae8 25. Ra3 Ra8 26. b4 Kc6 27. Rb1
Ree8 28. Rxa6+ Rxa6 29. b5+ Kb7 30. bxa6+ Kc6 31. Bxc7 Ra8 32. Bd6 Rxa6 33. a4
e5 34. Rb8 Rxa4 35. Rb6+ Kd7 36. Rb7+ Kc6 37. Rc7+ Kb5 38. dxe5 fxe5 39. Rxg7 1-0

[Event "46th Capablanca Memorial Open B"]
[Site "Havana CUB"]
[Date "2011.05.11"]
[Round "1.16"]
[White "Gomez Arnau, Reinerio"]
[Black "Agra Caballero, Ariel"]
[Result "1/2-1/2"]
[WhiteElo "2209"]
[BlackElo "2229"]
[WhiteFideId "3506223"]
[BlackFideId "3503577"]
[EventDate "2011.05.11"]

1. e4 e5 2. Nf3 Nc6 3. d4 exd4 4. Nxd4 Nf6 5. Nc3 Bb4 6. Nxc6 bxc6 7. Bd3 d5 8.
exd5 cxd5 9. O-O O-O 10. Bg5 Be6 1/2-1/2

[Event "46th Capablanca Memorial Open B"]
[Site "Havana CUB"]
[Date "2011.05.11"]
[Round "1.17"]
[White "Cruz de la Osa, Reyder"]
[Black "Zayas Sosa, Alfredo"]
[Result "1-0"]
[WhiteElo "2226"]
[BlackElo "2217"]
[WhiteFideId "3508935"]
[BlackFideId "3511820"]
[EventDate "2011.05.11"]

1. e4 e6 2. d4 d5 3. e5 b6 4. c3 Qd7 5. Bd3 Ba6 6. Ne2 Bxd3 7. Qxd3 Ne7 8. O-O
Nf5 9. Ng3 Nxg3 10. Qxg3 g6 11. Nd2 Bg7 12. h4 h5 13. Nf3 Nc6 14. Bg5 Ne7 15.
Bf6 Nf5 16. Qf4 Bh6 17. Ng5 O-O 18. g4 hxg4 19. Qxg4 Ng7 20. Kh1 Nh5 21. Rg1
Nxf6 22. exf6 Kh8 23. h5 Qd8 24. hxg6 Qxf6 25. Nh7 Qg7 26. Nxf8 Rxf8 27. gxf7
Qxf7 28. Rg2 Rg8 29. Qh4 Kh7 30. Rxg8 Qxg8 31. Rg1 Qf7 32. Rg3 a5 33. a4 Qe8 1-0

[Event "46th Capablanca Memorial Open B"]
[Site "Havana CUB"]
[Date "2011.05.11"]
[Round "1.19"]
[White "Macias Velazquez, Marlies"]
[Black "Martin Campos, Beatriz Josefa"]
[Result "1-0"]
[WhiteElo "2214"]
[BlackElo "2020"]
[WhiteFideId "3507793"]
[BlackFideId "3506495"]
[EventDate "2011.05.11"]

1. e4 e5 2. Nf3 Nc6 3. Bb5 a6 4. Ba4 Nf6 5. d3 b5 6. Bb3 Bc5 7. c3 d6 8. O-O O-O
9. Nbd2 Bg4 10. h3 Bh5 11. Re1 d5 12. Qe2 d4 13. Nf1 dxc3 14. bxc3 b4 15. g4
Nxg4 16. hxg4 Bxg4 17. Bd5 Qf6 18. N1h2 Bh5 19. Bxc6 Qxc6 20. cxb4 Bxb4 21. Bd2
Bd6 22. Qf1 f5 23. Qh3 fxe4 24. dxe4 Qe8 25. Nh4 Rd8 26. Be3 Bb4 27. Rec1 Ba5
28. Qg3 Rd7 29. Ng4 Bxg4 30. Qxg4 Bb6 31. Bxb6 cxb6 32. Rd1 Rc7 33. Rac1 Rxc1
34. Rxc1 h5 35. Qg6 Qf7 36. Qxf7+ Rxf7 37. Ng6 Rf6 38. Rc8+ Kf7 39. Nxe5+ Ke6
40. Nc4 Kd7 41. Rg8 b5 42. Rxg7+ Ke6 43. Ne3 Ke5 44. Re7+ Kd4 45. e5 Rg6+ 46.
Kh2 Kc3 47. e6 Kb2 48. f4 Kxa2 49. f5 1-0

[Event "46th Capablanca Memorial Open B"]
[Site "Havana CUB"]
[Date "2011.05.11"]
[Round "1.20"]
[White "Hernandez Gonzalez, William"]
[Black "Jodar Arias, Marlon"]
[Result "1-0"]
[WhiteElo "2206"]
[BlackElo "2174"]
[WhiteFideId "3509915"]
[BlackFideId "3505499"]
[EventDate "2011.05.11"]

1. e4 c5 2. Nf3 e6 3. d3 Nc6 4. Nbd2 g6 5. c3 Bg7 6. g3 Nge7 7. Bg2 O-O 8. O-O
d6 9. Re1 Rb8 10. Nb3 b5 11. d4 cxd4 12. cxd4 a5 13. Be3 a4 14. Nbd2 d5 15. e5
Nf5 16. Nf1 Qb6 17. Bh3 Nxe3 18. Nxe3 f6 19. Nc2 fxe5 20. dxe5 Bd7 21. Ncd4 Nxd4
22. Nxd4 Rbc8 23. Qd2 Rc4 24. Rad1 Rfc8 25. Qe3 a3 26. bxa3 Rc3 27. Qg5 Re8 28.
Re3 Qc7 29. Rde1 Qc4 30. Rxc3 Qxc3 31. Qe3 Qxe3 32. Rxe3 Kf7 33. Bf1 Rb8 34. Kg2
Ke8 35. f4 Bf8 36. Rb3 b4 37. axb4 Rxb4 38. Rxb4 Bxb4 39. Kf3 Bc5 40. Ke3 Kd8
41. Kd3 Kc7 42. Bh3 Bxd4 43. Kxd4 Kb6 44. Bf1 Ba4 45. Be2 Bc2 46. g4 Be4 47. Bd3
Bxd3 48. Kxd3 Kc5 49. a4 h6 50. a5 h5 51. gxh5 gxh5 52. a6 Kb6 53. f5 1-0

[Event "46th Capablanca Memorial Open B"]
[Site "Havana CUB"]
[Date "2011.05.11"]
[Round "1.21"]
[White "Pacey, Kevin"]
[Black "Infante Machin, Brian Jose"]
[Result "1/2-1/2"]
[WhiteElo "2169"]
[BlackElo "2205"]
[WhiteFideId "2600455"]
[BlackFideId "3512134"]
[EventDate "2011.05.11"]

1. e4 e6 2. d4 d5 3. Nc3 Bb4 4. a3 Bxc3+ 5. bxc3 dxe4 6. Qg4 Nf6 7. Qxg7 Rg8 8.
Qh6 Rg6 9. Qe3 c5 10. dxc5 Nc6 11. Ne2 e5 12. Bb2 Be6 13. Ng3 Ng4 14. Qxe4 f5
15. Qd3 Qh4 16. Qf3 Rd8 17. Nxf5 Bxf5 18. Qxf5 Rf6 19. g3 Qh6 20. Bc1 Rxf5 21.
Bxh6 Nxh6 22. Rb1 Rf7 23. Bg2 Kf8 24. h3 Nf5 25. Be4 Nh6 26. Ke2 Ng8 27. Rhd1
Nf6 28. Bg2 Rfd7 29. Rd3 e4 30. Rxd7 Rxd7 31. Rd1 Rxd1 32. Kxd1 Ne5 33. Ke2 Nc4
34. f3 exf3+ 35. Bxf3 Nxa3 36. Bxb7 Nb5 37. c4 Nc7 38. Kd3 Nd7 39. c6 Nf6 40.
Bc8 Ke7 41. g4 Kf7 42. Bf5 Kg7 43. Kd4 Nfe8 44. c5 Nf6 45. c4 h6 46. h4 Nfe8 47.
g5 hxg5 48. hxg5 Kf7 49. Ke5 Ke7 50. Bd7 Ng7 51. g6 Na6 52. Kd5 Nh5 53. Bf5 Nb4+
54. Kd4 Nxc6+ 55. Kd5 Nb4+ 56. Ke5 Ng7 57. Be4 a5 58. c6 a4 59. c7 Kd7 60. Kf6
Nh5+ 61. Kg5 Ng7 62. Kf6 a3 63. Bb1 Ne8+ 64. Kf7 Nd6+ 65. Kf8 Nc6 66. c5 Nc8 67.
Bf5+ Kxc7 68. Bxc8 a2 69. g7 a1=Q 70. g8=Q Qf6+ 1/2-1/2

[Event "46th Capablanca Memorial Open B"]
[Site "Havana CUB"]
[Date "2011.05.11"]
[Round "1.22"]
[White "Montero Fernandez, Reynier"]
[Black "Charon Mustelier, Manuel"]
[Result "1/2-1/2"]
[WhiteElo "2205"]
[BlackElo "2167"]
[WhiteFideId "3504573"]
[BlackFideId "3502023"]
[EventDate "2011.05.11"]

1. e4 e5 2. f4 d5 3. exd5 e4 4. Nc3 Nf6 5. d3 Bb4 6. dxe4 Nxe4 7. Qd3 O-O 8. Ne2
Re8 9. a3 Bxc3+ 10. bxc3 Nd7 11. Be3 Qe7 12. Bd4 Nb6 13. c4 Nc5 14. Qg3 f6 15.
O-O-O Nxc4 16. Qc3 b5 17. Qb4 Ne4 18. Ng3 Ncd6 19. Bd3 Nxg3 20. hxg3 Bf5 21.
Bxf5 Nxf5 22. Qxe7 Rxe7 23. Bc5 Re4 24. g4 Ng3 25. Rhe1 Rae8 26. Rxe4 Rxe4 27.
Bxa7 Rxf4 28. Bb8 Rc4 29. Re1 Ne4 30. Bxc7 Kf7 31. Bb8 h6 32. Re3 Ke8 33. Ba7
Kd7 34. Rb3 Nc3 35. Kd2 Nxd5 36. Rxb5 Kc6 37. Rb3 Rxg4 38. g3 h5 39. Bf2 Ra4 40.
Kd3 Rg4 41. c4 Nc7 42. Rb6+ Kd7 43. a4 Rg5 44. c5 Rf5 45. Ke2 Re5+ 46. Kd3 Rf5
47. Ke2 1/2-1/2

[Event "46th Capablanca Memorial Open B"]
[Site "Havana CUB"]
[Date "2011.05.11"]
[Round "1.23"]
[White "Hernandez Sotelo, Jose I."]
[Black "Mancebo Marrero, Pedro Ramiro"]
[Result "1/2-1/2"]
[WhiteElo "2140"]
[BlackElo "2205"]
[WhiteFideId "3508803"]
[BlackFideId "3503879"]
[EventDate "2011.05.11"]

1. e4 e6 2. d4 d5 3. Nc3 Nf6 4. e5 Nfd7 5. f4 c5 6. Nf3 Nc6 7. Be3 Qb6 8. Na4
Qa5+ 9. c3 cxd4 10. b4 Nxb4 11. cxb4 Bxb4+ 12. Bd2 Bxd2+ 13. Nxd2 b6 14. Rc1 Nc5
15. Nxc5 bxc5 16. Qb3 c4 17. Qb2 d3 18. Qc3 Qxc3 19. Rxc3 Rb8 20. Bxd3 cxd3 21.
Rxd3 Ba6 22. Ra3 Rb6 23. Nb3 Ke7 24. Kd2 Rc8 25. Rc1 Rxc1 26. Kxc1 Kd8 27. Kd2
Rc6 28. g3 Kc7 29. Nd4 Rb6 30. Kc3 g6 31. Rb3 1/2-1/2

[Event "46th Capablanca Memorial Open B"]
[Site "Havana CUB"]
[Date "2011.05.11"]
[Round "1.24"]
[White "Leon Valdes, Jony Wilson"]
[Black "Castro, Jose Luis"]
[Result "1/2-1/2"]
[WhiteElo "2199"]
[BlackElo "2133"]
[WhiteFideId "3506177"]
[BlackFideId "3901831"]
[EventDate "2011.05.11"]

1. e4 e5 2. f4 d5 3. exd5 e4 4. Nc3 Nf6 5. d3 Bb4 6. dxe4 Nxe4 7. Qd3 O-O 8. Ne2
Re8 9. a3 Bxc3+ 10. bxc3 Nd7 11. Be3 Qe7 12. Bd4 Nb6 13. c4 Nc5 14. Qg3 f6 15.
O-O-O Nxc4 16. Qc3 b5 17. Qb4 Ne4 18. Ng3 Ncd6 19. Bd3 Nxg3 20. hxg3 Bf5 21.
Bxf5 Nxf5 22. Qxe7 Rxe7 23. Bc5 Re4 24. g4 Ng3 25. Rhe1 Rae8 26. Rxe4 Rxe4 27.
Bxa7 Rxf4 28. Bb8 Rc4 29. Re1 Ne4 30. Bxc7 Kf7 31. Bb8 h6 32. Re3 Ke8 33. Ba7
Kd7 34. Rb3 Nc3 35. Kd2 Nxd5 36. Rxb5 Kc6 37. Rb3 Rxg4 38. g3 h5 39. Bf2 Ra4 40.
Kd3 Rg4 41. c4 Nc7 42. Rb6+ Kd7 43. a4 Rg5 44. c5 Rf5 45. Ke2 1/2-1/2

[Event "46th Capablanca Memorial Open B"]
[Site "Havana CUB"]
[Date "2011.05.11"]
[Round "1.25"]
[White "Quesada Chow, Ismael Adan"]
[Black "Garcia Matos, Richard A."]
[Result "1/2-1/2"]
[WhiteElo "2131"]
[BlackElo "2196"]
[WhiteFideId "3509559"]
[BlackFideId "3511090"]
[EventDate "2011.05.11"]

1. e4 c5 2. Nc3 d6 3. f4 g6 4. d4 cxd4 5. Qxd4 Nf6 6. e5 Nc6 7. Bb5 Nd7 8. Bxc6
bxc6 9. e6 Nf6 10. exf7+ Kxf7 11. Nf3 Qb6 12. Qc4+ Ke8 13. Bd2 Rb8 14. b3 Ng4
15. O-O-O d5 16. Qa4 Bd7 17. Ne5 Nxe5 18. fxe5 Bg7 19. Rhe1 e6 20. Qf4 Rf8 21.
Qh4 h6 22. Qg4 g5 23. Qh5+ Ke7 24. Qg6 Rf7 25. Na4 Qf2 26. g4 Rb5 27. Be3 Qxh2
28. Bc5+ Rxc5 29. Nxc5 Bxe5 30. Nxd7 Rg7 31. Qd3 Kxd7 32. Kb1 Re7 33. Qa6 Bc7
34. Qxa7 Qf4 35. Qg1 e5 36. Rf1 Qb4 37. Qg2 Qc5 38. Rf5 Ba5 39. c4 1/2-1/2

[Event "46th Capablanca Memorial Open B"]
[Site "Havana CUB"]
[Date "2011.05.11"]
[Round "1.26"]
[White "Gonzalez Gomez, Ronier"]
[Black "Reyes Betancourt,  Ahmed"]
[Result "1-0"]
[WhiteElo "2196"]
[BlackElo "2128"]
[WhiteFideId "3503763"]
[BlackFideId "3509168"]
[EventDate "2011.05.11"]

1. d4 Nf6 2. Nf3 e6 3. Bg5 Be7 4. Nbd2 d5 5. e3 O-O 6. Bd3 Nbd7 7. Ne5 Nxe5 8.
dxe5 Ne4 9. Bxe7 Qxe7 10. Bxe4 dxe4 11. Qg4 f5 12. exf6 Qxf6 13. O-O-O e5 14.
Qxe4 Bf5 15. Qa4 b5 16. Qxb5 c5 17. e4 Be6 18. f3 Rab8 19. Qa5 c4 20. Nb1 Rb6
21. Rd2 Rfb8 22. Rhd1 Qg5 23. b3 Rb5 24. Qc3 cxb3 25. axb3 Rc8 26. h4 Qh6 27.
Qb2 Bxb3 28. Nc3 Rb6 29. Kb1 1-0

[Event "46th Capablanca Memorial Open B"]
[Site "Havana CUB"]
[Date "2011.05.11"]
[Round "1.27"]
[White "De La Torre Morales, Julio D."]
[Black "Perez Mederos, Raul"]
[Result "0-1"]
[WhiteElo "2119"]
[BlackElo "2186"]
[WhiteFideId "3506517"]
[BlackFideId "3503470"]
[EventDate "2011.05.11"]

1. c4 g6 2. Nc3 Bg7 3. e4 c5 4. g3 Nc6 5. Bg2 e6 6. d3 Nge7 7. Nge2 O-O 8. O-O
d6 9. Bg5 h6 10. Be3 Nd4 11. Qd2 Kh7 12. Rab1 Nec6 13. a3 a5 14. Nb5 Nxb5 15.
cxb5 Nd4 16. a4 Ra7 17. Bxd4 cxd4 18. Rfc1 e5 19. b4 Be6 20. f4 Qb6 21. fxe5
dxe5 22. bxa5 Rxa5 23. Qb4 Rfa8 24. Qc5 Qxc5 25. Rxc5 Rxa4 26. Rc7 Rb8 27. Rb2
Bf8 28. Kf2 Bd6 29. Rcc2 Rba8 30. Ng1 Ra3 31. Ke2 Rc3 32. Bh3 f5 33. Bg2 Ra1 34.
Kf2 Rxd3 35. exf5 Bxf5 36. Bxb7 Rdd1 37. Nf3 Bxc2 38. Rxc2 d3 0-1

[Event "46th Capablanca Memorial Open B"]
[Site "Havana CUB"]
[Date "2011.05.11"]
[Round "1.28"]
[White "Marzo Arias, Valentin"]
[Black "Fernandez Rodriguez, Angel Luis"]
[Result "1/2-1/2"]
[WhiteElo "2183"]
[BlackElo "2116"]
[WhiteFideId "3506916"]
[BlackFideId "3503453"]
[EventDate "2011.05.11"]

1. e4 e6 2. d3 c5 3. Nf3 Nc6 4. g3 d5 5. Nbd2 Nf6 6. Bg2 Be7 7. O-O O-O 8. Re1
Qc7 9. c3 dxe4 10. dxe4 Rd8 11. Qc2 Nd7 12. a4 b6 13. Nc4 Ba6 14. Na3 Nde5 15.
Nb5 Nxf3+ 16. Bxf3 Bxb5 17. axb5 Ne5 18. Be2 c4 19. Bf4 Bd6 20. Bxe5 Bxe5 21.
Ra4 Qc5 22. Bxc4 a6 23. Qe2 axb5 24. Rxa8 Rxa8 25. Bxb5 h5 26. Kg2 g6 27. Rd1
Ra2 28. Bc4 Ra4 29. Bb3 Ra7 30. f4 Bf6 31. Qd3 Kg7 32. Rf1 Ra8 33. Rf2 h4 34. g4
Rd8 35. Qf3 Qb5 36. Bc2 h3+ 37. Kxh3 Qxb2 38. e5 Rh8+ 39. Kg2 Bh4 40. Re2 Rc8
41. Bxg6 Qxc3 42. Bd3 Rd8 43. Re3 Qd2+ 44. Be2 Be7 45. f5 Bc5 46. fxe6 Qxe3 47.
Qxf7+ Kh8 48. Qf6+ Kh7 49. Qf7+ 1/2-1/2